• 首页
  • 本馆介绍
  • 公告通知
  • 最新文献
  • 馆藏检索
  • 电子资源
  • 读者荐购
  • 参考咨询
  • CALIS
  • 我的图书馆
  • 登录
  • 详细信息显示
  • 放入我的书架
  • 预约/预借图书
  • 作者相关作品
  • 分类相关作品
  • 丛书相关作品
  • 出版社相关作品

书目信息

  • 表格格式
  • 工作单格式
  • 卡片格式
题名:
全国勘察设计注册公用设备工程师给水排水专业执业资格考试教材
    
 
作者: 龙腾锐 , 何强 主编
分册: 第2册   排水工程
出版信息: 北京   中国建筑工业出版社  2015
页数: 613页
开本: 26cm
丛书名:
单 册:
中图分类: TU99
科图分类:
主题词: 城市公用设施--资格考试--教材 , 排水工程--资格考试--教材
电子资源:
ISBN: 978-7-112-17879-7
 
 
 
 
 
000 01094nam0 2200253 450
001 0100003955
005 20170428091347.50
010    @a978-7-112-17879-7@dCNY120.00
100    @a20150508d2015 em y0chiy50 ea
101 0  @achi
102    @aCN@b110000
105    @aa z 000yy
200 1  @a全国勘察设计注册公用设备工程师给水排水专业执业资格考试教材@h第2册@i排水工程@e2015年版@f龙腾锐,何强主编@Aquan guo kan cha she ji zhu ce gong yong she bei gong cheng shi gei shui pai shui zhuan ye zhi ye zi ge kao shi jiao cai
210    @a北京@c中国建筑工业出版社@d2015
215    @a613页@c图@d26cm
304    @a全国勘察设计注册工程师公用设备专业管理委员会秘书处组织编写
330    @a本书共19章,包括排水系统、雨水管渠系统设计、排水泵站及设计、城镇污水处理概论、污水的自然生物处理、城镇污水处理厂的设计、工业废水处理等内容。
606 0  @a城市公用设施@x资格考试@j教材
606 0  @a排水工程@x资格考试@j教材
690    @aTU99@v5
701  0 @a龙腾锐@f(1939~)@4主编@Along teng rui
701  0 @a何强@f(1939~)@4主编@Ahe qiang
801  0 @aCN@c20150830
905    @a河南城建学院图书馆@dTU99@eL765:2
    
    全国勘察设计注册公用设备工程师给水排水专业执业资格考试教材.第2册.排水工程:2015年版/龙腾锐,何强主编.-北京:中国建筑工业出版社,2015
    613页:图;26cm
    
    
    ISBN 978-7-112-17879-7:CNY120.00
    本书共19章,包括排水系统、雨水管渠系统设计、排水泵站及设计、城镇污水处理概论、污水的自然生物处理、城镇污水处理厂的设计、工业废水处理等内容。
●
相关链接 在E读中查询图书 在当当中查询图书 在豆瓣中查询图书


正题名:全国勘察设计注册公用设备工程师给水排水专     索取号:TU99/L765:2         预约/预借

序号 登录号 条形码 馆藏地/架位号 状态 备注
1 1226671   212266714   建筑库201/201建筑库 122排1列1层/ [索取号:TU99/L765:2] 在馆    
2 1239429   212394292   市政与环境工程学院资料室/ [索取号:TU99/L765:2] 在馆    
河南城建学院图书馆 欢迎您!
大连网信软件有限公司© 版权所有